Traité de diction : a l'usage des écoles, des gens du monde, des étrangers des professeurs, des avocats, des orateurs, des comédiens et en général de tous ceux qui disent, déclament, lisent ou parlent en public : diction claire et correcte /
Guardado en:
| Hovedforfatter: | |
|---|---|
| Format: | Bog |
| Sprog: | fransk |
| Fag: | |
| Tags: |
Ingen Tags, Vær først til at tagge denne postø!
|
MARC
| LEADER | 00000nam^a2200000^a^4500 | ||
|---|---|---|---|
| 001 | 000378999 | ||
| 005 | 20250526000000.0 | ||
| 009 | 20260310120513.656 | ||
| 037 | |a Acervo Xavier Clavigero | ||
| 041 | |a FRA | ||
| 082 | |a 302. 22131 |b FAV | ||
| 100 | |a Favre, Louis |e (autor) | ||
| 245 | 1 | 0 | |a Traité de diction : |b a l'usage des écoles, des gens du monde, des étrangers des professeurs, des avocats, des orateurs, des comédiens et en général de tous ceux qui disent, déclament, lisent ou parlent en public : diction claire et correcte / |c L. Favre. |
| 264 | |a París, Francia : |b Delagrave, |c fecha no identificada | ||
| 300 | |a 2 v. (304, 343 p.) ; |c 19.0 cm. | ||
| 336 | |a texto |b txt |2 rdacontenido | ||
| 337 | |a sin mediación |b n |2 rdamedio | ||
| 338 | |a volumen |b nc |2 rdasoporte | ||
| 561 | |a Ex libris de Bibl. Domus San Cayetano | ||
| 649 | |a XX | ||
| 650 | |a Dicción - |x Tema Principal | ||
| 650 | |a Conferencias y el Arte de Disertar | ||
| 650 | |a Lectura Oral | ||
| 650 | |a Educación de la Voz | ||
| 650 | |a Francés | ||
| 650 | |a Fonología | ||
| 650 | |a Oratoria - |x Estudio y Enseñanza | ||
| 650 | |a Comunicación Oral - |x Estudio y Enseñanza | ||
| 650 | |a Comunicación Oral | ||
| 650 | |a Comunicación | ||
| 740 | 0 | |a Traité de diction : |b a l'usage des écoles, des gens du monde, des étrangers des professeurs, des avocats, des orateurs, des comédiens et en général de tous ceux qui disent, déclament, lisent ou parlent en public : diction expressive / |c L. Favre. | |
| 910 | |a Fondo General | ||
| 920 | |a Impresos - Libros | ||
| 930 | |a Libros Antiguos y Raros | ||
| 905 | |a 108 | ||
| 901 | |a 0500273945 |b IT2 |c LRA |u 20250526 | ||
| 901 | |a 0500273947 |b IT2 |c LRA |u 20250526 | ||
| 902 | |a https://opac.biblio.iteso.mx/vufind/Record/000378999 | ||